Le théâtre (Record no. 13866)

MARC details
010 ## - Numéro international normalisé du livre (ISBN)
ISBN 9782200354466
099 ## - Visibilité opac
notice masquée en opac Non
100 ## - Données générales de traitement
Données générales de traitement 20090928h20092009m y0frey50 ba
101 0# - Langue de la ressource
Langue du texte, de la bande son, etc. français
102 ## - Pays de publication ou de production
Pays de publication France
200 1# - Titre et mention de responsabilité
Titre propre Le théâtre
Complément du titre texte, dramaturgie, histoire
Indication générale du type de document Livre
214 #0 - Mentions de production, publication, diffusion et manufacture
Nom de l’éditeur Armand Colin
Date de publication DL 2009
215 ## - Description physique
Nombre de pages 1 vol. (127 p.)
225 0# - Collection
Titre de la collection 128
700 #1 - Auteur principal
Nom Couprie
Prénom Alain
Dates 1945-....
105 ## - Zone de données codées : textes, monographies
Données codées sur les monographies textuelles y a 001yy
181 ## - Zone de données codées : Forme de la ressource
Données de liaison entre champs z01
Autre référentiel utilisé pour coder la forme du contenu texte
Code du référentiel rdacontent
181 #1 - Zone de données codées : Forme de la ressource
Données de liaison entre champs z01
Forme du contenu selon l’ISBD sous forme codée i#
Qualificatif(s) du contenu selon l’ISBD sous forme codée xxxe##
182 ## - Zone de données codées : type de média
Données de liaison entre champs z01
Autre référentiel utilisé pour coder le type de médiation sans média
Code du référentiel rdamedia
182 #1 - Zone de données codées : type de média
Données de liaison entre champs z01
Type de médiation selon l’ISBD sous forme codée sans média
183 #1 - Zone de données codées : Type de carrière
Données de liaison entre champs z01
Type de support sous forme codée nga
Code du référentiel RDAfrCarrier
205 ## - Mention d'édition
Mention d'édition [2e édition]
214 #0 - Mentions de production, publication, diffusion et manufacture
Lieu de publication, production, distribution/diffusion, fabrication [Paris]
215 ## - Description physique
Dimensions 18 cm
225 0# - Collection
Titre de partie Lettres linguistique
305 ## - Note sur l'édition et l'histoire bibliographique
Texte de la note Autre tirage : 2011
317 ## - Note de provenance
Établissement ou exemplaire auquel s’applique la zone 751052116:387156550
Texte de la note Don du Dépot Légal 2009. 8 DL 1582
320 ## - Bibliographies internes/Note d'index
Texte de la note Bibliogr. p. 121-[126]. Index
410 ## - Collection
Identifiant de la notice bibliographique liée 059067063
452 ## - autre édition sur un autre support
Identifiant de la notice bibliographique liée 177214279
410 ## - Collection
Titre de l'oeuvre 128. Lettres
ISSN 1637-6900
452 ## - autre édition sur un autre support
Titre de l'oeuvre ˜Le œthéâtre
Sous-titre ou complément du titre texte, dramaturgie, histoire
Première mention de responsabilité Alain Couprie
Mention d'édition [2e édition]
Lieu de publication Arcueil
Nom de l'éditeur, du diffuseur, etc. Numilog
Date de publication 2009
Mention de collection 128
606 ## - Sujet - Nom commun
Identifiant de la notice d'autorité 027331954
Élément d'entrée Théâtre (genre littéraire)
Code du format utilisé rameau
676 ## - Classification décimale de Dewey
Indice 809.2
Édition 21
686 ## - Autres numéros de classification
Indice 809
Code du format utilisé DEWBSG
700 #1 - Auteur principal
Identifiant de la notice d'autorité 02859066X
Code de fonction Auteur
801 #3 - Origine de la notice
Pays FR
Agence de catalogage Abes
Date de la transaction 20210928
Règles de catalogage utilisées AFNOR
000 -Etiquette de la notice
Leader 01611cam0a2200577 4500
003 - Identifiant de la notice
Identifiant http://www.sudoc.fr/136838308
005 - Identifiant de la version
Identifiant 20250415144758.0
035 ## - Identifiant de la notice dans un autre système
Identifiant de la notice dans un autre système (OCoLC)495407723
035 ## - Identifiant de la notice dans un autre système
Identifiant de la notice dans un autre système ALP000463339
035 ## - Identifiant de la notice dans un autre système
Identifiant de la notice dans un autre système 582491
035 ## - Identifiant de la notice dans un autre système
Identifiant de la notice dans un autre système flora725990
035 ## - Identifiant de la notice dans un autre système
Identifiant de la notice dans un autre système 1221953
035 ## - Identifiant de la notice dans un autre système
Identifiant de la notice dans un autre système 617768
035 ## - Identifiant de la notice dans un autre système
Identifiant de la notice dans un autre système alp316974
035 ## - Identifiant de la notice dans un autre système
Identifiant de la notice dans un autre système 791415
035 ## - Identifiant de la notice dans un autre système
Identifiant de la notice dans un autre système ALP000516925
073 #1 - EAN
Numéro normalisé 9782200354466
Holdings
Exclu du prêt Date de création Site actuel Code barre Date prix de remplacement Cote Statut Site de rattachement Type de document Koha
  15.04.2025 Théâtre Joliette JOL-007567 15.04.2025 THEO COU   Théâtre Joliette Livre